Image to country - Geoguessr edition - Statistics

General Stats
  • This quiz has been taken 736 times
  • The average score is 12 of 16
Answer Stats
Picture Hint Answer % Correct
Americas Canada
96%
Oceania Australia
95%
Americas United States
89%
Europe United Kingdom
88%
Africa South Africa
85%
Asia Thailand
84%
Americas Mexico
83%
Asia Japan
81%
Europe Switzerland
79%
Africa Kenya
74%
Asia South Korea
72%
Americas Chile
71%
Europe Iceland
58%
Africa Ghana
56%
Europe Denmark
55%
Asia Kyrgyzstan
53%
No matching quizzes found
Score Distribution
Percent of People with Each Score
Percentile by Number Answered
Your Score History
You have not taken this quiz